[Event "FIDE-Wch k.o."]
[Site "New Delhi/Teheran"]
[Date "2000.12.01"]
[Round "2.2"]
[White "Serper, Grigory"]
[Black "Ivanov, Alexander"]
[Result "1-0"]
[WhiteElo "2574"]
[BlackElo "2567"]
[Annotator "Finkel,A"]
[PlyCount "82"]
[EventDate "2000.11.27"]
[EventType "k.o."]
[EventRounds "7"]
[EventCountry "IND"]
[SourceTitle "CBM 081"]
[Source "ChessBase"]
[SourceDate "2001.03.20"]
[SourceVersion "1"]
[SourceVersionDate "2001.03.20"]
[SourceQuality "1"]

{[%mdl 8224]} 1. d4 g6 2. e4 Bg7 3. Nf3 d6 4. c3 Nf6 5. Bd3 Nbd7 6. O-O e5 7.
Re1 O-O 8. Bg5 h6 9. Bh4 {In this little-known position Black tried five(!)
different moves.} b6 {Other possibilities are: 9...Qe8, 9..g5, 9...Re8 and 9...
c6} (9... g5 10. Bg3 Nh5 11. dxe5 dxe5 12. Na3 Nf4 13. Bc2 Nb6 14. Bxf4 gxf4
15. Qe2 Bg4 16. Rad1 Qe7 $13 {Fritz,R-Beim,V/Schwaebisch Gmuend op 1995}) (9...
c6 10. a4 Re8 11. Nbd2 Qc7 12. a5 Nf8 13. Nc4 Nh5 14. dxe5 dxe5 15. Bf1 Bg4 16.
Qd6 Rac8 17. Nfd2 $14 {Aseev,K-Chernyshov,K/RUS-chT 1992}) (9... Re8 10. Nbd2
a6 11. Qc2 g5 12. Bg3 Nh5 13. dxe5 dxe5 14. Nc4 Nf4 15. Bf1 Nf8 16. Ne3 $14 {
[%csl Rf5] Rausis,I-Petran,P/Cappelle op 1993}) 10. a4 (10. Bb5 $5 Re8 11. Bc6
Rb8 12. Na3 Bb7 13. Bxf6 Bxf6 14. Qa4 Bxc6 15. Qxc6 a6 16. Rad1 Qc8 17. Nc4 b5
18. Ne3 Rb6 19. Qd5 Bg7 20. Qb3 exd4 21. Nd5 Rb7 22. cxd4 c5 $132 {[%cal Gg7d4]
Sulava,N-Gadjilu,R/Anibal Open, Linares ESP 1998}) 10... a6 11. Nbd2 Bb7 12.
Qc2 (12. b4 Qe8 13. Bc4 (13. a5 $5 b5 14. d5 {[%csl Ra6][%cal Gc3c4] /\c4})
13... Kh8 14. Qb3 Nh5 15. dxe5 dxe5 16. Bd5 c6 17. Bc4 b5 18. Bf1 f5 $132 {
Kharlov,A-Kreiman,B/Open 1999}) (12. dxe5 dxe5 13. Qc2 (13. b4 $5) 13... Qe7
14. Bf1 a5 15. Nc4 Nc5 $132 {Tiviakov,S-Kasimdzhanov,R/Groningen op 1999})
12... Qe8 (12... Re8 13. Rad1 Qe7 14. h3 Qf8 15. Bg3 Rac8 16. Qb3 Rb8 17. Qa3
Rbd8 18. Qb3 Rb8 19. Qa3 Rbd8 {1/2-1/2 Hug,W-Mohr,S/SUI-chT 1996}) 13. Rad1 (
13. b4 Nh5 14. Rab1 (14. Bg3 $6 Nxg3 15. hxg3 Qd8 16. Rad1 Re8 17. d5 $1 $14 {
Fedorov,A-Iordachescu,V/Chebanenco mem 1st 1998}) 14... Rc8 15. Nc4 Nf4 16. Bf1
f5 17. Qb3 Kh8 18. dxe5 $14 {Zontakh,A-Zubov,A/zt 1.9 2000}) (13. Nc4 Nh5 14.
dxe5 dxe5 15. b4 Nf4 16. Bf1 f5 17. Nfd2 fxe4 18. Nxe4 $14 {Gadjilu,
R-Spraggett,K/Anibal Linares op 1998}) (13. dxe5 dxe5 14. b4 Nh5 15. a5 Nf4 16.
Bf1 f5 17. axb6 cxb6 18. Bg3 Nh5 19. exf5 gxf5 20. Nh4 $13 {Rausis,I-Van Wely,
L/Hyeres op 1992}) 13... Nh5 14. Nc4 Nf4 15. Bf1 f5 $1 {Very strong move
forcing complications leading to black's advantage.} (15... g5 16. Bg3 Nh5 17.
b4 (17. dxe5 $6 Nxg3 18. hxg3 Nxe5 19. Nfxe5 Bxe5 $11) 17... Nxg3 18. hxg3 Qe6
19. d5 Qg6 20. Ne3 $14 {[%csl Rf5,Rg7]}) 16. dxe5 Bxe4 $1 (16... dxe5 17. exf5
(17. Nfd2 $5) 17... Bxf3 (17... gxf5 18. Bg3 Nh3+ 19. Kh1 f4 20. Bh4 Bxf3 21.
gxf3 Ng5 22. Bxg5 hxg5 23. Bh3 Nc5 24. b4 $16) 18. gxf3 gxf5 19. Bg3 Ng6 20. f4
e4 21. f3 $14) 17. Qd2 Nxe5 (17... Bxf3 18. gxf3 dxe5 19. Qxd7 $18) (17... Nh3+
18. gxh3 Bxf3 19. exd6 Qc8 20. Be2 $16) (17... g5 18. exd6 Qg6 19. Bg3 Nh3+ 20.
gxh3 Bxf3 21. Be2 Bxe2 22. Rxe2 f4 23. dxc7 Nf6 24. Nxb6 $18) 18. Qxf4 Bxf3 $1
(18... g5 $6 19. Nxg5 (19. Bxg5 $2 Bxf3 20. gxf3 hxg5 21. Qg3 f4 22. Qg2 Qh5
$11) 19... hxg5 20. Bxg5 Qxa4 21. Nxe5 Bxe5 22. Qh4 $40) 19. gxf3 g5 20. Qe3 f4
(20... gxh4 $15) 21. Qe4 Qxa4 22. Qd5+ Nf7 $2 {Letting white's rook to
penitrate to the seventh rank.} (22... Kh8 23. Nxe5 (23. Rxe5 dxe5 24. Nxe5 Qe8
$13) 23... dxe5 24. b3 Qe8 25. Qe4 Qe7 $11) 23. Re7 $36 Rac8 $2 {Black loses a
thread - the only chance to put up a fight was} (23... c6 $1 24. Nxb6 Qc2 $1 (
24... cxd5 25. Nxa4 gxh4 26. Rxd5 Bf6 27. Re6 Kg7 28. Nb6 $16) 25. Rd2 Qc1 26.
Rd1 (26. Qd3 Rae8) 26... Qc2 $1 27. Qd3 Qxd3 28. Bxd3 Rae8 $13) 24. Bh3 $16 Qb5
$2 (24... Rce8 25. Rxc7 Qb3 26. Bf5 b5 27. Bg6 $18) 25. Rxf7 $1 $18 Qxd5 (25...
Rxf7 26. Bxc8 Qxd5 27. Rxd5 $18) 26. Rxf8+ Rxf8 27. Rxd5 gxh4 28. Rh5 b5 29.
Na5 Re8 30. Kf1 Rb8 31. Ke2 b4 32. Nc6 $1 Re8+ 33. Kd2 bxc3+ 34. bxc3 Bf6 35.
Ra5 Ra8 36. Bf1 Kf7 37. Rxa6 Rxa6 38. Bxa6 Ke6 39. Kd3 d5 40. Bb7 Kd6 41. Nb4
Ke5 1-0

[Event "FIDE-Wch k.o."]
[Site "New Delhi/Teheran"]
[Date "2000.11.29"]
[Round "1.3"]
[White "Villamayor, Buenaventura"]
[Black "Minasian, Artashes"]
[Result "1-0"]
[WhiteElo "2495"]
[BlackElo "2595"]
[Annotator "Finkel,A"]
[PlyCount "121"]
[EventDate "2000.11.27"]
[EventType "k.o."]
[EventRounds "7"]
[EventCountry "IND"]
[SourceTitle "CBM 081"]
[Source "ChessBase"]
[SourceDate "2001.03.20"]
[SourceVersion "1"]
[SourceVersionDate "2001.03.20"]
[SourceQuality "1"]

{[%mdl 4128]} 1. d4 d6 2. e4 Nf6 3. Nc3 c6 4. g3 Nbd7 5. Bg2 e5 6. Nge2 Be7 7.
a4 O-O 8. O-O a5 9. h3 Re8 10. Be3 Bf8 {The arising position looks slightly
better for white, but black wants to take on d4 and then to transfer d5 with
equality.} (10... Qc7 11. Qd2 Bf8 12. g4 Nb6 13. b3 Kh8 14. Ng3 c5 $6 15. dxc5
dxc5 16. g5 Ng8 17. Rfd1 $16 {Zunker,M-Grun,S/VL-S9495}) 11. g4 exd4 (11... Be7
12. f4 exf4 13. Nxf4 Nf8 14. Qf3 h6 15. Nh5 Kh7 16. Nxg7 Kxg7 17. e5 $40 {
Rodriguez Vargas,O-Barlov,D/New York op 1988}) 12. Bxd4 Nb6 (12... Nc5 13. Ng3
Nfd7 14. b3 Qc7 15. Qd2 b6 16. Rfe1 Bb7 17. Nf5 Rad8 18. Rad1 Ne5 19. f4 Ng6
20. Qf2 $14 {Kozel,R-Hvorostinin,G/Yalta op 1996}) 13. Ng3 d5 $5 (13... Be6 14.
Qf3 Nbd7 15. b3 d5 16. exd5 Nxd5 17. Nxd5 Bxd5 $11 {Gramignani,R-Jarmolinskaya,
M/Moscow olw 1994}) 14. Re1 Nxe4 (14... Bb4 15. Re2 dxe4 16. Ncxe4 Nxe4 17.
Nxe4 Nd5 18. c3 Be7 $11) 15. Ncxe4 dxe4 16. Nxe4 Nd5 (16... Be6 $1 17. Nc5 Bxc5
18. Bxc5 Nd7 19. Be3 Qf6 $11) 17. Qf3 Be6 18. Rad1 Qc7 $6 {Better was} (18...
Qh4 $1 {[%csl Gg5]} 19. Nc5 Bxc5 20. Bxc5 Rad8 $14 {allthough even in this
case black doesn't manage to equalize.}) 19. Ng5 $1 $14 Qf4 20. Nxe6 Rxe6 21.
Rxe6 Qxf3 22. Bxf3 fxe6 23. c4 $1 {Normally this move would be a mistake, but
here white has very important goal - to penitrate with rook on seventh rank.}
Nf4 (23... Nb4 24. Bb6 (24. Be3 $5) 24... Ra6 25. Be3 Nc2 26. Bc1 Rb6 27. Be4
Nb4 28. Be3 Ra6 29. Rd7 $16) 24. Be3 Ng6 25. Be4 $1 (25. Rd7 $2 Ne5 $19 {
[%cal Ge5d7,Ge5f3]}) 25... Ne5 26. b3 Re8 27. Bb6 $1 Bb4 28. f4 Nf7 29. Rd7 $16
e5 30. Bxh7+ $5 (30. Rxb7 $5 Nd6 31. Bxc6 Nxb7 32. Bxe8 exf4 33. Kg2 Nc5 34.
Kf3) 30... Kxh7 31. Rxf7 exf4 (31... Kg6 $5 32. Rf5 (32. Rxb7 exf4 33. Kf2 Rh8
34. Bd4 Bf8 (34... Rxh3 35. Rxg7+ Kh6 36. g5+ Kh5 37. Rh7+ Kg4 38. Rxh3 Kxh3
39. g6 $18) 35. Rb8 Kf7 $16) 32... exf4 33. Rxf4 Re2 34. Rf2 Re1+ 35. Kg2 Rb1
36. Rf3 $16) 32. Rxf4 Kg6 33. Kf2 Re1 34. Rf3 Rb1 35. Bc7 $5 {[%cal Gf2g3,
Gg3f4]} Rb2+ 36. Kg3 Be1+ 37. Kf4 Re2 38. Rd3 Re7 (38... Bb4 39. h4 Rf2+ 40.
Ke4 Re2+ 41. Re3 Rg2 42. Kf3 Rd2 43. h5+ Kf7 44. Ke4 $16) 39. Bd6 Re6 40. Kf3
$1 {[%cal Gd6f4]} Rf6+ 41. Bf4 {Now white has finished the regrouping of the
pieces and starts advance of the pawns on the kingside.} Rf7 42. Rd6+ Kh7 43.
g5 g6 44. Kg4 Bb4 45. Rd8 Re7 46. Rc8 Re4 47. Kf3 Re1 48. Rc7+ Kg8 49. Rxb7 $18
{Here black could resign, but he keeps on playing for dozen moves.} Rf1+ 50.
Kg4 Rg1+ 51. Kf3 Rf1+ 52. Kg3 Rg1+ 53. Kh2 Rf1 54. Be5 Rf5 55. Bf6 Rf3 56. Rg7+
Kf8 57. Rxg6 Bd6+ 58. Kg2 Rg3+ 59. Kf2 Rxh3 60. Rh6 Rxb3 61. g6 1-0

[Event "UKR-ch 73rd"]
[Site "Kharkov"]
[Date "2004.08.24"]
[Round "1.1"]
[White "Goloshchapov, Alexander"]
[Black "Lagno, Kateryna"]
[Result "1-0"]
[WhiteElo "2577"]
[BlackElo "2472"]
[Annotator "Finkel,A"]
[PlyCount "67"]
[EventDate "2004.08.03"]
[EventType "k.o."]
[EventRounds "5"]
[EventCountry "UKR"]
[SourceTitle "CBM 103"]
[Source "ChessBase"]
[SourceDate "2004.11.11"]
[SourceVersion "1"]
[SourceVersionDate "2004.11.11"]
[SourceQuality "1"]

1. e4 d6 2. d4 Nf6 3. Nc3 g6 4. Be3 Bg7 (4... c6 5. f3 Nbd7 6. Qd2 b5 7. g4 Nb6
) 5. Qd2 c6 6. f3 b5 (6... Nbd7 7. g4 b5 8. h4 h5 (8... h6 9. Bd3 Bb7 10. Nge2
a6 11. Ng3 c5 12. h5 $2 Nxg4 13. fxg4 cxd4 14. hxg6 fxg6 15. Bxd4 Bxd4 $13 {
Riemersma,L-Nijboer,F/Wijk aan Zee 1995}) 9. g5 Nh7 10. f4 Nb6 11. b3 $6 O-O
12. Bg2 d5 $13 {Swan,I-McNab,C/SCO 1995}) 7. g4 h5 8. g5 Nfd7 9. f4 {In my
opinion white's chances are clearly better in this line due to the huge
advantage in space.} Nb6 10. Nf3 O-O (10... b4 11. Nd1 Bg4 12. Nh4 d5 13. e5 a5
14. b3 e6 15. Nf2 Qc7 16. Bd3 $14 {Sveshnikov,E-Gulko,B/Riga 1975}) (10... d5
11. Ne5 b4 12. Ne2 dxe4 13. Ng3 h4 14. Nxe4 Bf5 15. Nc5 f6 $2 16. gxf6 exf6 17.
Nxg6 $1 $18 {Yudasin,L-Azmaiparashvili,Z/Minsk 1985}) (10... a6 11. Nh4 N8d7
12. f5 Nf8 13. Qf2 Qc7 14. Bd3 Bd7 15. Rf1 O-O-O 16. O-O-O $16 {Vehi Bach,
V-Sanchez,N/Olot 1996}) 11. Bd3 Qc7 (11... Nc4 12. Bxc4 bxc4 13. Nh4 Nd7 14. f5
Kh7 15. Ne2 $16 {[%cal Ge2f4]}) 12. a3 a5 13. Ne2 {[%cal Gf4f5,Ge2f4,Gf3h4]
After taking necessary precautions on the queenside white is starting to carry
out his main plan - attack on the kingside. The knight is heading for f4 in
order to put a pressure on g6 after f5 is played.} d5 14. e5 Bh3 $6 (14... Nc4
15. Bxc4 dxc4 16. Ng3 (16. Nh4 $6 {[%csl Re5]} Rd8 17. f5 gxf5 18. Ng3 c5 $132)
16... Rd8 17. f5 Bxf5 18. Nxf5 gxf5 19. g6 fxg6 20. Qg2 $16) 15. f5 $1 $40 {
White pieces are ideally placed for the attack, so there is no need to waste
time defending against Bg2.} Bg2 16. Kf2 Bxh1 17. Rxh1 Nc4 18. Bxc4 dxc4 19.
Nf4 {Black has no counterplay, so we may say that the outcome of the game is
pretty much predecided.} Nd7 (19... gxf5 20. Rg1 c5 21. g6 cxd4 22. Bxd4 e6 23.
Nxh5 $18) 20. c3 Nb6 (20... gxf5 21. g6 fxg6 22. Rg1 $40) 21. f6 Bh8 22. Qc2 {
[%csl Rg6][%cal Gf4g6]} e6 23. Nxh5 $1 $18 {The last touch. The march of an
h-pawn will eventually decide the game in white's favour.} b4 (23... gxh5 24.
g6 Bxf6 (24... fxg6 25. Qxg6+ Bg7 26. Ng5 $18) 25. exf6 Nd5 26. Ng5 Nxf6 27.
gxf7+ Rxf7 28. Qg6+ Rg7 29. Qxf6 $18 Rf8 $140 30. Qxf8+ Kxf8 31. Nxe6+) 24. Nf4
bxc3 25. bxc3 Nd5 26. h4 Rfb8 27. h5 Nxe3 28. Kxe3 c5 29. d5 exd5 30. Nxd5 Qd7
31. Ne7+ Kf8 32. hxg6 Bg7 33. Nf5 (33. Rh7) 33... fxg6 34. Nxg7 1-0

[Event "RUS-ch qual 57th"]
[Site "Tomsk"]
[Date "2004.05.30"]
[Round "8"]
[White "Shcherbakov, Ruslan"]
[Black "Kornev, Alexei"]
[Result "1/2-1/2"]
[WhiteElo "2564"]
[BlackElo "2582"]
[Annotator "Finkel,A"]
[PlyCount "83"]
[EventDate "2004.05.23"]
[EventType "swiss"]
[EventRounds "9"]
[EventCountry "RUS"]
[SourceTitle "CBM 102"]
[Source "ChessBase"]
[SourceDate "2004.09.23"]
[SourceVersion "1"]
[SourceVersionDate "2004.09.23"]
[SourceQuality "1"]

1. e4 d6 2. d4 Nf6 3. Nc3 g6 4. Bg5 Bg7 (4... c6 $5) 5. Qd2 h6 6. Be3 c6 (6...
Ng4 $5) 7. f3 b5 8. Bd3 Nbd7 9. Nge2 e5 (9... Nb6 10. b3 a5 11. a4 b4 12. Nd1
Nfd7 13. c3 e5 14. cxb4 axb4 15. Rc1 $14 {Romanishin,O-Donner,J/Buenos Aires
1978}) (9... a6 10. Nd1 $6 (10. Rd1 e5 11. O-O exd4 12. Bxd4 c5 13. Bxf6 Nxf6
$15) (10. a4 Bb7 11. O-O e5 12. axb5 axb5 13. d5 cxd5 14. Nxb5 $14) 10... c5 (
10... e5 11. c3 d5 $1 12. Nf2 Bb7 13. O-O Qe7 14. a4 bxa4 $5 15. Bc2 c5 $6 16.
Bxa4 exd4 17. cxd4 dxe4 18. dxc5 $1 {Khalifman,A-Gurevich,D/New York 1998}) 11.
c3 Rb8 12. O-O b4 13. cxb4 Rxb4 14. dxc5 dxc5 15. Rc1 $14 {Manninen,M-Maki,V/
Finland 1999}) (9... Bb7 {/\e5}) 10. O-O h5 $6 {Black can't afford himself to
waste 2 moves for his h-pawn! On the other hand, leaving the king in the
center is hardly a good idea either.} 11. d5 $1 $16 {Taking advantage of
black's careless play in the opening.} (11. a4 b4 12. Nd1 a5 13. c3 c5 (13...
bxc3 14. bxc3 O-O 15. Nf2 d5 16. f4 $14) 14. dxc5 dxc5 15. Nf2 O-O 16. Rad1 $14
{[%cal Gd3b5,Gd2d6]}) 11... cxd5 12. Nxd5 {White prefers positional advantage
over the material one!} (12. Nxb5 $5 Nb6 (12... Nc5 13. exd5 a6 (13... Nxd5 14.
Be4 Nxe3 15. Nxd6+ Kf8 16. Qxe3 Nxe4 17. Qxe4 $16) 14. Nbc3 Nxd3 15. Qxd3 Bf5
16. Ne4 $16) 13. Qb4 O-O 14. Nxd6 Rb8 15. Qa3 Be6 16. Rad1 $16) 12... Nxd5 13.
exd5 a6 14. a4 bxa4 15. Rxa4 O-O 16. Rfa1 e4 $8 {Otherwise white is just a
pawn up for no real compensation.} (16... Nb6 17. Ra5) 17. Bxe4 Bxb2 18. Re1 (
18. Rf1 $5 {[%cal Gf3f5]}) 18... Bg7 19. Nd4 Ne5 20. Nc6 Qd7 (20... Nxc6 21.
dxc6 Be6 22. c4 Qc7 23. Bd5 $16) 21. f4 Ng4 22. Bd4 Re8 23. Raa1 (23. f5 $1
Bxd4+ (23... gxf5 $2 24. Bxf5 Rxe1+ 25. Qxe1 $18) 24. Rxd4 Kg7 25. Rf1 Bb7 26.
fxg6 fxg6 27. Qg5 $18) 23... Bb7 24. c4 (24. h3 Nf6 25. Bf3 Rxe1+ 26. Rxe1 Re8
$16) 24... Bxc6 25. dxc6 Qe6 26. Bxg7 Kxg7 27. c7 (27. h3 Nf6 (27... Qxc4 28.
Rac1 Qa4 29. Bc2 Rxe1+ 30. Rxe1 Qxc6 31. hxg4 $18) 28. Bd5 Qf5 29. Rxe8 Nxe8
30. Re1 $16) 27... d5 $1 {Black is defending with a lot of creativity.} 28.
Qxd5 $2 {This move should also be enough for a win, but more convincing looked}
(28. Qd4+ Kg8 (28... Qf6 29. Qxf6+ Nxf6 30. Bxd5 Rac8 (30... Rxe1+ 31. Rxe1 Rc8
32. Re7 $18) 31. Rxe8 Nxe8 32. Rxa6 Rxc7 33. Rc6 $18) 29. cxd5 Qd6 30. Rac1
Rac8 31. h3 $18) 28... Qb6+ 29. c5 Qb2 (29... Qb4 $1 {[%cal Gg4f6]} 30. Rab1
$140 Rxe4 $1 31. Rf1 Rxf4 $1) 30. h3 Qf2+ 31. Kh1 Rac8 32. Rf1 Qe3 33. Rae1 $6
(33. Bf3 Nf6 34. Qb7 Ne4 35. Bxe4 Qxe4 36. c6 Qe7 37. f5 $16) 33... Nf6 $1 $11
34. Rxe3 (34. Qd6 Nxe4 35. Rxe3 Nxd6 36. cxd6 Rxe3 37. d7 Ree8 38. Rd1 Red8 $11
) 34... Nxd5 35. Ree1 Nb4 36. Bf3 Rxe1 37. Rxe1 Rxc7 38. c6 Kf6 39. g3 Rc8 40.
Ra1 Ke7 41. g4 Kf6 42. Re1 1/2-1/2

[Event "RUS-ch 54th"]
[Site "Elista"]
[Date "2001.04.30"]
[Round "1"]
[White "Dvoirys, Semen I"]
[Black "Bachin, Vitaly"]
[Result "1-0"]
[WhiteElo "2568"]
[BlackElo "2426"]
[Annotator "Finkel,A"]
[PlyCount "41"]
[EventDate "2001.04.29"]
[EventType "swiss"]
[EventRounds "9"]
[EventCountry "RUS"]
[SourceTitle "CBM 083"]
[Source "ChessBase"]
[SourceDate "2001.07.05"]
[SourceVersion "1"]
[SourceVersionDate "2001.07.05"]
[SourceQuality "1"]

1. e4 d6 2. d4 Nf6 3. Nd2 $5 e5 4. c3 Nbd7 (4... Nc6 5. Ngf3 Bg4 6. Bd3 $2 exd4
7. cxd4 Nxd4 8. Qa4+ Nc6 9. Nd4 Bd7 $17 {Sivacenko,A-Fridman,D/Marijampole op
1996}) 5. Bd3 Be7 (5... d5 $1 6. Ngf3 (6. exd5 exd4 7. c4 c5 8. Ngf3 Bd6 9. O-O
O-O $11) (6. f4 $2 exd4 7. e5 dxc3 8. bxc3 Nc5 $1 9. Bc2 Nfe4 $17) 6... exd4 7.
cxd4 dxe4 8. Nxe4 Nxe4 9. Bxe4 Bb4+ 10. Bd2 Bxd2+ 11. Qxd2 Nf6 $11) 6. Ne2 O-O
(6... d5 $1) 7. Bc2 c6 $6 (7... d5) 8. O-O a6 9. f4 $1 $14 {After this move
white's opening set-up is fully justified- he hsa pressure over the semi-open
f-file and good prospects to attack the black king.} Qc7 (9... c5 10. Nf3 (10.
dxe5 dxe5 11. Nf3 (11. f5 b5 12. Nf3 c4 $132) 11... Qc7 12. fxe5 Nxe5 13. Nxe5
Qxe5 14. Bf4 Qh5 15. Ng3 Qxd1 16. Raxd1 $14 {[%cal Ge4e5,Gg3e4,Ge4d6]}) 10...
exd4 11. cxd4 cxd4 12. Nexd4 Nc5 13. Re1 $14) 10. Ng3 {[%cal Gg3f5]} Re8 11.
Nf3 b5 12. Kh1 $5 {Black is now deprived of active counerplay and white
patiently prepares the decisive breakthrough.} Bf8 13. fxe5 $1 dxe5 14. Bg5
exd4 (14... h6 15. Bxf6 Nxf6 16. Nxe5 Bd6 17. Rxf6 $1 gxf6 18. Ng4 $16 {
[%csl Rg8]}) (14... Bb7 15. Bxf6 $16) (14... Ng4 15. Bb3 {[%csl Rf7]} h6 16.
Bxf7+ $1 Kxf7 17. Nxe5+ Kg8 18. Qb3+ Kh7 19. Nxg4 hxg5 20. Qf7 $40 {[%csl Rh7]
[%cal Gg3f5,Gf1f3,Gf3h3]}) 15. cxd4 g6 $2 {[%csl Rf6,Rf7]} (15... h6 16. Bc1 g6
(16... c5 17. e5 Nd5 18. Qd3 g6 19. Nh4 $1 {[%cal Gh4g6]} cxd4 20. Nxg6 $1 Bg7
21. Ne7+ Rxe7 22. Qh7+ Kf8 23. Bxh6 $18) 17. e5 Nd5 18. Ne4 $40) 16. Bxf6 Nxf6
17. Ng5 $1 $18 {[%cal Gf1f7,Ge4e5]} Ng4 (17... Bh6 18. Nxf7 $1 Qxf7 19. e5 Bg4
20. Qd3 Bg7 21. exf6 Bxf6 22. Bb3 $18) 18. Bb3 $1 Ne3 19. Rxf7 Qxg3 (19... Nxd1
20. Rxc7+ Be6 21. Bxe6+ $18) 20. hxg3 Nxd1 21. Re7+ 1-0

[Event "United Insurance 5th"]
[Site "Dhaka"]
[Date "2001.02.23"]
[Round "5"]
[White "Rausis, Igors"]
[Black "Davies, Nigel Rodney"]
[Result "0-1"]
[WhiteElo "2525"]
[BlackElo "2464"]
[Annotator "Finkel,A"]
[PlyCount "56"]
[EventDate "2001.02.19"]
[EventType "tourn"]
[EventRounds "13"]
[EventCountry "BAN"]
[EventCategory "8"]
[SourceTitle "CBM 082"]
[Source "ChessBase"]
[SourceDate "2001.05.17"]
[SourceVersion "1"]
[SourceVersionDate "2001.05.17"]
[SourceQuality "1"]

1. e4 d6 2. d4 Nf6 3. Bd3 e5 4. c3 d5 $5 {Changing the charecter of the game:
the arising position is more inherent to open variation of Spanish defense.} (
4... Nc6 5. Nf3 g6 6. O-O Bg7 7. h3 O-O 8. Re1 a6 (8... h6 9. Na3 $5 Nh5 10.
Be3 a6 11. Kh2 Qf6 12. Bf1 $1 exd4 $6 (12... Bd7 $142) 13. cxd4 {Smirin,
I-Bologan,V/EU-chT Debrecen (04) ISl-MOL ;EU-chT 1992/1-0 (60)}) 9. Bc2 {
Ivanchuk,V-Bologan,V/EU-chT Debrecen (03) UKR-MOL ;EU-chT 1992/1-0 (33)}) 5.
dxe5 Nxe4 6. Nd2 (6. Nf3 Nc5 7. Bc2 Bg4 8. O-O Be7 9. Re1 Nc6 10. Nbd2 Qd7 11.
Nf1 d4 12. b4 Ne6 13. b5 Ncd8 14. Bb2 $14 {Smirin,I-Dorfman,I/Tilburg 59/(133)
1993 (19)}) 6... Nc5 (6... Nc6 7. Ngf3 Bg4 (7... Ng5 8. Bb5 Bd7 9. Qe2 a6 10.
Bxc6 Bxc6 11. Nd4 Bd7 12. O-O Ne6 13. a4 $14 {Smirin,I-Chernin,A/Gronningen
PCA/1993/ (25)}) (7... Nc5 8. Nb3 (8. Bc2 Bg4 9. O-O Be7 10. Qe1 O-O 11. Nd4 f6
12. h3 Bd7 13. Nxc6 Bxc6 14. b4 Ne4 15. Nxe4 dxe4 16. Qe2 f5 17. b5 Be8 18.
Bb3+ Kh8 19. Rd1 Qc8 20. e6 a6 21. bxa6 Rxa6 $13 {Adams,M-Beaumont,C/British
ch./1988/}) (8. Bb5 Bd7 9. Qe2 Ne6 $6 10. Nb3 Be7 11. Be3 a6 12. Bd3 Ng5 13.
Nxg5 Bxg5 14. f4 Bh4+ 15. g3 Be7 16. O-O-O $16 {Fedorov,A-Gubanov,A/St.
Petersburg op/1994/}) 8... Nxd3+ (8... Bg4 9. O-O Qd7 10. Re1 O-O-O 11. Nxc5
Bxc5 12. b4 Bb6 13. a4 a5 $132 {1/2-1/2 Yusupov,A-Adams,M/Hastings-A2 1989 (23)
}) 9. Qxd3 Be7 10. O-O O-O 11. Nbd4 Nxd4 12. cxd4 b6 13. Rd1 Be6 14. b3 c5 $10
{Landa,K-Onoprienko,V/Brno op/1994/}) 8. O-O Nc5 9. Bb5 Be7 10. h3 Bh5 11. b4
Ne6 12. Qa4 Qd7 13. Nd4 Nexd4 14. cxd4 O-O 15. Nb3 $14 {1/2-1/2 Typek,K-Robak,
Z/POL-chT Lubniewice (06) 1994 (22)}) 7. Bb1 {On my opinion 7.Bc2 is more in
the spirit of the position,but also in this case black has sufficient
counterchanses.} (7. Bc2 Qg5 $6 (7... Be7 8. b4 Ne6 9. Nb3 b6 (9... a5 $132)
10. f4 c5 11. f5 Ng5 12. Bxg5 Bxg5 13. Nf3 $14 {1/2-1/2 Hort,V-Chernin,A/
Brocco 1991/EXT 97 (33)}) (7... Nc6 $5 $146 8. b4 $5 Ne6 9. Ndf3 g6 $5 10. Ne2
Bg7 11. Ba4 $5 $13 {1/2-1/2 Proehl,H-Gurevich,M/Bonn 1995/EXT 97/[Gurevich,M] 
(62)}) 8. Ne4 $1 Qxe5 9. Nf3 Qe7 10. Qxd5 c6 11. Qxc5 Qxc5 12. Nxc5 Bxc5 13.
O-O O-O 14. Re1 (14. Ng5 $5) 14... Nd7 15. Bg5 Nf6 $14 {Poluljahov,A-Agrest,E/
Russia 56/(129) 1992}) 7... Nc6 8. Ngf3 Bg4 (8... g6 $2 9. O-O Bg7 10. Nb3 $1
Nxb3 11. Bg5 $1 Qd7 12. axb3 O-O 13. Re1 $14 {Smagin,S-Ivanov,V/Moscow 1995/
CBM 46,(34)}) (8... Be7 9. h3 d4 10. cxd4 Nxd4 11. O-O Be6 12. b4 Nxf3+ 13.
Qxf3 Bd5 14. Qe3 Ne6 $132 {Rabiega,R-Gietl,T/Gladenbach 1997/CBM 61 ext (45)})
9. O-O Qd7 (9... Be7 10. h3 Bh5 11. Re1 d4 12. Qe2 Qd5 13. a3 dxc3 14. bxc3 Bg6
15. c4 Qd7 16. Ne4 $36 {Smagin,S-Azmaiparashvili,Z/Cap d`Agde 1996/CBM 55 ext 
(42)}) 10. Re1 (10. b4 $5) 10... O-O-O 11. b4 $2 {This natural move suddenly
turns out to be a lethal mistake.} d4 $1 {White pieces lack coordination and
black takes advantage of this fact with very energetic play.} 12. cxd4 (12.
bxc5 $6 dxc3 13. Qc2 cxd2 14. Nxd2 Qd5 15. Qe4 Be6 $17 {[%csl Rc5]}) 12... Ne6
13. Qa4 (13. d5 Qxd5 14. Be4 Qb5 15. h3 Bh5 (15... Bxf3 16. Qxf3 Nxe5 17. Bxb7+
Qxb7 18. Qxb7+ Kxb7 19. Rxe5 $11) 16. a3 Nxe5 $17) 13... Bxb4 $1 {[%cal Gb4e1]
The pawn on d4 in any case will fall.} 14. Be4 Bxf3 15. gxf3 (15. Bxf3 Nexd4 (
15... Bxd2 16. Bxc6 Qxc6 17. Qxc6 bxc6 18. Bxd2 c5 $17) 16. Be4 Rhe8 17. f4 Bc5
18. Kh1 Nxe5 $1 $19) 15... Nf4 16. Nb3 (16. Bxc6 $2 Qh3 $1 $19) 16... Nd5 $1
$17 17. Bd2 (17. Rd1 f5 18. Bxd5 Qxd5 19. Bd2 Bxd2 20. Rxd2 Qxf3 $17) 17...
Bxd2 18. Nxd2 f5 $1 19. exf6 gxf6 {[%csl Rg1][%cal Gh8g8,Gd7h3] Now white king
also becomes a target for black pieces.} 20. Kh1 f5 21. Bd3 (21. Bxd5 Qxd5 22.
Rac1 Qxd4 23. Qxd4 Rxd4 24. Nb3 Rd5 $19) 21... Nb6 22. Qa3 Kb8 $1 $19 23. Nb3
Qd5 24. Re3 Rhg8 25. Qc5 (25. Rc1 f4 26. Rc5 Qd7 27. Re1 Qh3 $19) 25... Qxc5
26. dxc5 f4 $1 27. Bxh7 (27. Ree1 Rxd3 28. cxb6 axb6 $19) 27... fxe3 28. Bxg8
e2 $1 {[%cal Gd8d1]} 0-1